000
00298nam a2200133Ia 4500
008
190216s9999||||xx |||||||||||||| ||und||
100
_a
Pillai. A.R
245
0
_a
Reserve Bank Of India Functions
250
_a
1st Ed.
260
_b
Null
_c
1964
300
_a
174
650
_a
Economics
942
_c
BK
999
_c
9505
_d
9505